| 000 | 00874nam a22002177a 4500 | ||
|---|---|---|---|
| 005 | 20210325205102.0 | ||
| 008 | s2553 th ||||| |||| 00| 0 tha d | ||
| 020 | _a9789749805572 | ||
| 050 | _aHG1250.55.Z8P3 ส533จ 2553 | ||
| 100 | 0 | _aสังคีต จันทนะโพธิ | |
| 245 | 1 | 0 | _aจากเบี้ยหอยถึงเงินกระดาษ |
| 260 | 3 |
_aกรุงเทพฯ : _bเพชรประกาย, _c2553 |
|
| 300 |
_a207 หน้า : _b ภาพประกอบ ; _c 26 ซม. |
||
| 650 | 0 | 4 | _aธนบัตร -- ไทย |
| 650 | 0 | 4 | _aเงินตรา -- ไทย |
| 850 | _aNALT | ||
| 942 | _cGB | ||
| 997 | _a38103 ฉ.1 /38179 ฉ.2 | ||
| 997 | _c000000000062589 | ||
| 998 | _aนางสุกัญญา กัลยา | ||
| 999 |
_c62589 _d62589 |
||